Свобода совести и ее лжезащитники

Bibliografiske detaljer
Hovedforfatter: Коник В. В. Василий Васильевич
Summary:Исключено из фонда НТБ ТПУ
Sprog:russisk
Udgivet: Москва, Молодая гвардия, 1986
Format: MixedMaterials Bog
KOHA link:https://koha.lib.tpu.ru/cgi-bin/koha/opac-detail.pl?biblionumber=266349

MARC

LEADER 00000nam0a2200000 4500
001 266349
005 20231031223507.0
020 |a RU  |b 86-37237 
035 |a (RuTPU)RU\TPU\book\289368 
090 |a 266349 
100 |a 20140707d1986 k a0rusy5003 ca 
101 0 |a rus 
102 |a RU 
105 |a a z 001zy 
200 1 |a Свобода совести и ее лжезащитники  |f В. Коник 
210 |a Москва  |c Молодая гвардия  |d 1986 
215 |a 175 с.  |c ил. 
333 |a Исключено из фонда НТБ ТПУ 
700 1 |a Коник  |b В. В.  |g Василий Васильевич 
801 0 |a RU  |b RuMRKP  |c 19950704  |g psbo 
801 1 |a RU  |b 63413507  |c 20140707 
801 2 |a RU  |b 63413507  |c 20220211  |g RCR 
942 |c BK